<An> Essay on the nature and significance of economic science

Guardado en:
Detalles Bibliográficos
Autor principal: Robbins, Lionel
Formato: Libro
Lenguaje:inglés
Publicado: London Macmillan 1946
Edición:2. Rev. and Extended Ed.
Etiquetas: Agregar Etiqueta
Sin Etiquetas, Sea el primero en etiquetar este registro!

MARC

LEADER 00000nam a2200000 4500
001 c126661
005 20041019155238.6
041 0 |a eng 
044 |a GB 
245 1 0 |a <An> Essay on the nature and significance of economic science  |c Lionel Robbins 
250 |a 2. Rev. and Extended Ed. 
264 1 |a London  |b Macmillan  |c 1946 
300 |a 160 s. 
100 1 |a Robbins, Lionel